000 00410nam a22001577a 4500
003 MPLRDC
005 20220104144143.0
008 210129b ||||| |||| 00| 0 eng d
082 _a307.9 ZBL
100 _a励艺夫、张宝林编写
245 _a由来已久, 科学野史拾零
_c
260 _a
_b科学普及出版社
_c1981
300 _b
650 _a通俗科学知识
942 _cBK
_o307.9 ZBL
999 _c46901
_d46891